|
|
|
|
| LEADER |
01034nam a2200253 a 4500 |
| 001 |
1353600 |
| 008 |
091108s1980 nyu b 001 0 eng d |
| 010 |
|
|
|a 80005094
|
| 020 |
|
|
|a 0416746306
|
| 020 |
|
|
|a 031219658X
|
| 040 |
|
|
|a DLC
|c DLC
|d DLC
|
| 082 |
0 |
0 |
|a 337/.09/04
|
| 100 |
1 |
|
|a Anell, Lars,
|d 1941-
|
| 245 |
1 |
4 |
|a The developing countries and the world economic order /
|c Lars Anell and Birgitta Nygren.
|
| 260 |
|
|
|a New York :
|b St. Martin's Press, ;
|a Methuen,
|c 1980.
|
| 300 |
|
|
|a 217 p. ;
|c 23 cm.
|
| 504 |
|
|
|a Includes Bibliography (p. 175-186.)and index.
|
| 541 |
1 |
|
|e 00008112
|
| 650 |
|
0 |
|a International economic relations.
|
| 651 |
|
0 |
|a Developing countries
|x Foreign economic relations.
|
| 700 |
1 |
|
|a Nygren, Birgitta,
|e joint author.
|
| 852 |
4 |
|
|a Ayesha Abed Library
|j General Shelf
|
| 999 |
|
|
|c 5729
|d 5729
|
| 952 |
|
|
|0 0
|1 0
|2 ddc
|4 0
|6 337_090400000000000_ANE_1982
|7 0
|9 5663
|a BRACUL
|b BRACUL
|c GEN
|d 2009-11-21
|g 0.00
|l 1
|o 337.0904 ANE
|p 3010008112
|r 2013-04-28
|s 2013-04-16
|t 1
|w 2009-11-21
|y BK
|x No price found in the accession register.
|